书目信息 |
| 题名: |
现代细胞外基质分子生物学
|
|
| 作者: | 成军 主编 | |
| 分册: | ||
| 出版信息: | 北京 科学出版社 2017.09 |
|
| 页数: | 749页 | |
| 开本: | 26cm | |
| 丛书名: | 肝炎病毒·分子生物学丛书 | |
| 单 册: | ||
| 中图分类: | Q249 | |
| 科图分类: | ||
| 主题词: | 细胞外基质--分子生物学 | |
| 电子资源: | ||
| ISBN: | 978-7-03-054200-7 | |
| 000 | 01206oam2 2200253 450 | |
| 001 | 4407 | |
| 005 | 20181011142030.06 | |
| 010 | @a978-7-03-054200-7@b精装@dCNY238.00 | |
| 100 | @a20180315d2017 em y0chiy50 ea | |
| 101 | 0 | @achi |
| 102 | @aCN@b110000 | |
| 105 | @aa z 000yy | |
| 200 | 1 | @a现代细胞外基质分子生物学@9xian dai xi bao wai ji zhi fen zi sheng wu xue@f成军主编 |
| 205 | @a3版 | |
| 210 | @a北京@c科学出版社@d2017.09 | |
| 215 | @a749页@c图@d26cm | |
| 225 | 2 | @a肝炎病毒·分子生物学丛书 |
| 330 | @a本书共49章,详细介绍了细胞外基质分子生物学、代谢调控及其与临床医学的关系:一方面,对胶原蛋白、纤维粘连蛋白、层粘连蛋白、聚合素、二聚糖、骨涎蛋白等细胞外基质成分进行了详细阐述;另一方面,对细胞外基质代谢调控相关的结构基础、基质金属蛋白酶、组织型金属蛋白酶抑制剂、细胞外基质代谢相关信号转导通路,以及细胞外基质与胚胎发育、免疫系统发育、衰老、损伤修复、硬化性心脏病、肝纤维化、肾脏疾病、肺纤维化、中枢神经系统疾病、骨关节疾病、血液疾病、肿瘤转移、皮肤疾病等进行了详细论述。 | |
| 461 | 0 | @12001 @a肝炎病毒·分子生物学丛书 |
| 606 | 0 | @a细胞外基质@x分子生物学 |
| 690 | @aQ249@v5 | |
| 701 | 0 | @a成军@9cheng jun@f(1963-)@4主编 |
| 801 | 0 | @aCN@b91MARC@c20180315 |
| 905 | @aMuseLib@dQ249@e57=3 | |
| 现代细胞外基质分子生物学/成军主编.-3版.-北京:科学出版社,2017.09 |
| 749页:图;26cm.-(肝炎病毒·分子生物学丛书) |
| ISBN 978-7-03-054200-7(精装):CNY238.00 |
| 本书共49章,详细介绍了细胞外基质分子生物学、代谢调控及其与临床医学的关系:一方面,对胶原蛋白、纤维粘连蛋白、层粘连蛋白、聚合素、二聚糖、骨涎蛋白等细胞外基质成分进行了详细阐述;另一方面,对细胞外基质代谢调控相关的结构基础、基质金属蛋白酶、组织型金属蛋白酶抑制剂、细胞外基质代谢相关信号转导通路,以及细胞外基质与胚胎发育、免疫系统发育、衰老、损伤修复、硬化性心脏病、肝纤维化、肾脏疾病、肺纤维化、中枢神经系统疾病、骨关节疾病、血液疾病、肿瘤转移、皮肤疾病等进行了详细论述。 |
| ● |
| 相关链接 |
|
|
|
|
正题名:现代细胞外基质分子生物学
索取号:Q249/57=3
 
预约/预借
| 序号 | 登录号 | 条形码 | 馆藏地/架位号 | 状态 | 备注 |
| 1 | 1124963 | 211249638 | 第二样本阅览室/ [索取号:Q249/57=3] | 在馆 | |
| 2 | 1124964 | 211249647 | 第三借阅区/ [索取号:Q249/57=3] | 在馆 |